Sportler des Jahres (Österreich) - Statistiken

Allgemein
  • Dieses Quiz wurde 891 mal gespielt
    634 seit der letzten Aktualisierung
  • Das Durchschnittsergebnis liegt bei 19 aus 32
Antwortstatistiken
Jahr Athlet Sportart % Korrekt
2013 David Alaba Fußball
94%
2014 David Alaba Fußball
94%
2012 Marcel Hirscher Ski Alpin
93%
2015 Marcel Hirscher Ski Alpin
93%
2016 Marcel Hirscher Ski Alpin
93%
2017 Marcel Hirscher Ski Alpin
93%
2018 Marcel Hirscher Ski Alpin
93%
2019 Marcel Hirscher Ski Alpin
93%
2020 Dominic Thiem Tennis
87%
1998 Hermann Maier Ski Alpin
74%
1999 Hermann Maier Ski Alpin
74%
2000 Hermann Maier Ski Alpin
74%
2001 Hermann Maier Ski Alpin
74%
2008 Thomas Morgenstern Skispringen
70%
2011 Thomas Morgenstern Skispringen
70%
1990 Thomas Muster Tennis
60%
1995 Thomas Muster Tennis
60%
1993 Andreas Goldberger Skispringen
50%
1996 Andreas Goldberger Skispringen
50%
1997 Toni Polster Fußball
42%
2006 Benjamin Raich Ski Alpin
38%
2010 Jürgen Melzer Tennis
38%
1991 Stephan Eberharter Ski Alpin
37%
2002 Stephan Eberharter Ski Alpin
37%
2021 Vincent Kriechmayr Ski Alpin
31%
2004 Markus Rogan Schwimmen
30%
2003 Werner Schlager Tischtennis
29%
2007 Thomas Vanek Eishockey
28%
2009 Wolfgang Loitzl Skispringen
26%
2005 Georg Totschnig Radsport
14%
1992 Patrick Ortlieb Ski Alpin
13%
1994 Thomas Stangassinger Ski Alpin
12%
Keine übereinstimmenden Quizze gefunden
Verteilung der Resultate
Anzahl Personen mit jedem Resultat
Perzentil nach korrekt beantworteten Fragen
Ihre Resultats-Entwicklung
Sie haben dieses Quiz seit der letzten Aktualisierung nicht gespielt